|
|
|
|
| LEADER |
01180nac a2200253 i 4500 |
| 003 |
GR-PaULI |
| 005 |
20250227143306.0 |
| 008 |
210210s2019 gw g 001 0 eng d |
| 952 |
|
|
|0 0
|1 0
|2 ddc
|4 0
|6 610_938000000000000_KAZ
|7 0
|9 323403
|a LISP
|b LISP
|c BSC
|d 2021-02-10
|i 150483
|l 0
|o 610.938 KAZ
|p 025000277547
|r 2021-02-10 00:00:00
|t 1
|w 2021-02-10
|y BK15
|
| 999 |
|
|
|c 181826
|d 181826
|
| 020 |
|
|
|a 9783110660371
|
| 040 |
|
|
|a GR-PaULI
|b gre
|c GR-PaULI
|e AACR2
|
| 082 |
|
4 |
|a 610.938
|2 23
|
| 245 |
1 |
0 |
|a Medicine and paradoxography in the ancient world /
|c edited by George Kazantzidis.
|
| 260 |
|
|
|a Berlin ;
|a Boston :
|b De Gruyter,
|c 2019.
|
| 300 |
|
|
|a 225 σ. ;
|c 24 εκ.
|
| 490 |
|
1 |
|a Trends in classics - supplementary volumes
|v 81
|
| 504 |
|
|
|a Περιλαμβάνει βιβλιογραφία & ευρετήριο.
|
| 650 |
|
4 |
|9 148203
|a Ιατρική, Ελληνική και ρωμαϊκή
|x Ιστορία
|
| 650 |
|
4 |
|a Ιστορία, Αρχαία
|9 159985
|
| 700 |
1 |
|
|a Καζαντζίδης, Γιώργος,
|d 1979-
|e επιμελητής.
|9 171591
|
| 830 |
|
0 |
|a Trends in classics.
|p Supplementary volumes (De Gruyter)
|v v. 81.
|9 167659
|
| 942 |
|
|
|2 ddc
|c BK15
|
| 998 |
|
|
|c ΣΑΛΑΜΟΥΡΑ
|d 2021-02
|